00213nam a2200073Ia 4500008004100000100002000041245005000061260002800111170817s9999 xx 000 0 und d aSrivastava. M.N 0aShiksha mein Soochana evam sanchar Prodyogiki bAgarwal Prakashan Agara